Vocabulario de comida en inglés - Estadísticas

Estadísticas generales
  • Esta prueba ha sido intentada 8.918 veces
    3.645 desde el último reinicio
  • La puntuación promedio es 39 de 42
Estadísticas de respuestas
Inglés Español % Correcto
bread pan
99%
chicken pollo
99%
water agua
98%
rice arroz
98%
coffee café
98%
milk leche
98%
lemon limón
98%
potato papa
98%
pasta pasta
98%
fish pescado
98%
cheese queso
98%
salt sal
98%
sugar azúcar
97%
beer cerveza
97%
egg huevo
97%
juice jugo
97%
apple manzana
97%
orange naranja
97%
tomato tomate
97%
dinner cena
96%
breakfast desayuno
96%
ice cream helado
96%
ice hielo
96%
honey miel
96%
lunch almuerzo
95%
wine vino
95%
coconut coco
94%
cookie galleta
94%
butter mantequilla
94%
watermelon sandía
94%
carrot zanahoria
94%
spinach espinaca
93%
corn maíz
92%
avocado aguacate
91%
tuna atún
91%
beans frijoles
89%
cherry cereza
88%
pepper pimienta
88%
mustard mostaza
87%
grape uva
87%
garlic ajo
79%
shrimp camarón
65%
No se encontraron pruebas coincidentes
Distribución de puntuación
Porcentaje de gente con cada puntuación
Porcentaje por número respondido
Historial de tus puntuaciones
No has intentado esta prueba desde el último reinicio